000 00934nam#a22003015a#4500
001 2210
008 140319s2013####ag############000#0#und#d
245 1 0 _aAsesinos /
_ccompiolado por Álvaro Abós.
250 _a1ª ed . 2ª reimp.
260 _aBuenos Aires :
_bA H,
_c2013.
300 _a626 p. ;
_c22 cm.
490 0 _aEl otro lado (clásicos)
505 0 _rProust, Marcel.
_tSentimientos finales de un paricidia
505 0 _rConan Doyle, Arthur.
_tPerdimos el tren expreso
505 0 _rSvevo, Italo.
_tel asesino de la calle Belpoggio
505 0 _rAllan Poe, Edgar.
_tEl gato negro
505 0 _rLeróux, Gastón.
_tel hacha de oro
505 0 _rWilde, Oscar
_tPlumas, lápiz y veneno
020 _a9789871556007
100 1 _aAbós, Álvaro,
_eCompilador.
080 _a82-34
084 _aA 79
653 _aNarrativa
040 _aAR-ClEAG
_cAR-ClEAG
005 20241107184737.0
003 AR-ClEAG
942 _cBK
999 _c2210
_d2210
980 _62
_aEvangelina Gallicchio
_82
_gEvangelina Gallicchio